| 000 | 01170na a2200337 4500 | ||
|---|---|---|---|
| 999 |
_c7215 _d7215 |
||
| 001 | 21425 | ||
| 003 | MIRAKIL | ||
| 005 | 20210226150301.0 | ||
| 008 | 170204b tu 000 0 | ||
| 035 | _a15256 | ||
| 040 |
_aMilas _btur _cTR-AnCHP |
||
| 041 | _atur | ||
| 082 |
_aCHP 352.0093 _bC36y 2004 |
||
| 090 | _aBROŞÜR 291 | ||
| 110 | _aCumhuriyet Halk Partisi (CHP) | ||
| 245 |
_aCumhuriyet Halk Partisi söz veriyor! _byerel yönetimler için temel ilke ve çözümler _cCHP yerel yönetimler |
||
| 246 | _aCHP söz veriyor! | ||
| 246 | _aerel yönetimler için temel ilke ve çözümler | ||
| 260 |
_aAnkara _bCHP _c2004 |
||
| 300 |
_a39 s. _c21 sm. |
||
| 440 | _aCumhuriyet Halk Partisi yayınları | ||
| 610 |
_aCumhuriyet Halk Partisi (CHP) _xPropaganda ve ideolojiler _yYerel yönetimler |
||
| 610 |
_aCumhuriyet Halk Partisi (CHP) _xProgramlar, 2004 _yYerel yönetimler |
||
| 650 |
_aYerel yönetimler _zTürkiye |
||
| 700 | _a | ||
| 830 | _aCHP programları | ||
| 942 |
_2ddc _cBKS |
||
| 999 | _d7215 | ||